[Event "5th Karl Wagner mem"]
[Site "Graz"]
[Date "1998.09.09"]
[Round "5.22"]
[White "Frosch, Erich"]
[Black "Havlicek, Josef"]
[Result "1-0"]
[WhiteElo "2280"]
[BlackElo "2160"]
[PlyCount "123"]
[EventDate "1998.09.09"]

{5/(22)} 1. b3 1... Nf6 2. Bb2 g6 3. g3 Bg7 4. Bg2 O-O 5. Nf3 d5 6. O-O c5 7.
d3 Nc6 8. Nbd2 Qc7 9. e4 dxe4 10. dxe4 Bg4 11. h3 Bxf3 12. Nxf3 Rad8 13. Qe2 e5
14. c3 Rd7 15. Rfd1 Rfd8 16. Nh2 Bh6 17. Nf1 Nh5 18. Bf3 Nf6 19. Ne3 Bxe3 20.
Qxe3 Rxd1+ 21. Rxd1 Rxd1+ 22. Bxd1 Qd7 23. Bf3 b6 24. Kg2 Kg7 25. Bc1 Ng8 26.
Be2 Nce7 27. a4 h6 28. a5 Qd6 29. axb6 axb6 30. Bb2 Nc6 31. h4 f6 32. b4 cxb4
33. Qxb6 bxc3 34. Bxc3 Nge7 35. Bb5 Qa3 36. Qe3 Qb3 37. Qc5 Qe6 38. Bb2 38...
f5 {} 39. exf5 gxf5 40. Bc4 Qd7 41. Bxe5+ Nxe5 42. Qxe5+ Kg6 43. h5+ Kh7 44.
Kh2 Qe8 45. Be2 Qf7 46. Bf3 Kg8 47. Kg2 Kh7 48. Be2 Qd5+ 49. Qxd5 Nxd5 50. Bd3
Ne7 51. g4 Kg7 52. Bxf5 Nxf5 53. gxf5 Kf6 54. f4 Kxf5 55. Kf3 Kf6 56. Ke4 Ke6
57. f5+ Kf6 58. Kf4 Kf7 59. Ke5 Ke7 60. f6+ Kf8 61. Kf5 Ke8 62. Ke5 1-0

[Event "5th Karl Wagner mem"]
[Site "Graz"]
[Date "1998.09.09"]
[Round "5.24"]
[White "Singer, Richard"]
[Black "Zoister, Stefan"]
[Result "1/2-1/2"]
[WhiteElo "2275"]
[BlackElo "2105"]
[PlyCount "110"]
[EventDate "1998.09.09"]

{5/(24)} 1. d4 1... Nf6 2. c4 e6 3. Nf3 b6 4. g3 Ba6 5. Nbd2 Bb4 6. Bg2 Bxc4 7.
a3 Bxd2+ 8. Nxd2 Bd5 9. e4 Bb7 10. O-O d6 11. Re1 Nbd7 12. b4 O-O 13. Bb2 Re8
14. Rc1 b5 15. Nb3 Rc8 16. Na5 Ba8 17. Qd3 a6 18. d5 exd5 19. exd5 Rxe1+ 20.
Rxe1 Nb6 21. Nc6 Bxc6 22. dxc6 d5 23. Qf5 Qd6 24. Bxf6 gxf6 25. h4 {} 25...
Qxc6 26. h5 Re8 27. Qg4+ Kf8 28. Rxe8+ Qxe8 29. Qf5 h6 30. Qxf6 Qe6 31. Qd8+
Kg7 32. Qxc7 Nc4 33. Qc5 Qe1+ 34. Kh2 Qe5 35. Qxd5 Qxd5 36. Bxd5 Nxa3 37. Bb7
Nc2 38. Bxa6 Nxb4 39. Bxb5 Nd5 40. Kh3 Kf6 41. Kg4 Ne7 42. Bd3 Ng8 43. f4 Ne7
44. Kf3 Kg7 45. g4 Ng8 46. Ke4 Nf6+ 47. Kf5 Ng8 48. Ke5 Nf6 49. Be2 Ng8 50. Bf3
Nf6 51. Kd6 Ng8 52. g5 hxg5 53. fxg5 Nh6 54. Kd7 Ng8 55. Bd5 Nf6+ 1/2-1/2

[Event "5th Karl Wagner mem"]
[Site "Graz"]
[Date "1998.09.09"]
[Round "5.25"]
[White "Wohlfahrt, Herbert"]
[Black "Lampersberger, Erhard"]
[Result "1-0"]
[WhiteElo "2265"]
[BlackElo "2090"]
[PlyCount "81"]
[EventDate "1998.09.09"]

{5/(25)} 1. d4 1... Nf6 2. Nf3 g6 3. c4 Bg7 4. g3 O-O 5. Bg2 c6 6. O-O d5 7.
cxd5 cxd5 8. Ne5 Nfd7 9. f4 Nxe5 10. fxe5 Qb6 11. Nc3 e6 12. Na4 Qb5 13. b3 Nc6
14. Ba3 Nb4 15. Qd2 a5 16. Rac1 b6 17. Bxb4 axb4 18. e4 Qa5 19. exd5 exd5 20.
Rc6 Bd7 21. Rd6 Bxa4 22. bxa4 Rad8 23. Rxd8 Rxd8 24. Qf4 Qa7 25. Rc1 Qd7 26. h4
Ra8 27. Qf3 Rxa4 28. Qxd5 Qxd5 29. Rc8+ Bf8 30. Bxd5 b3 31. Bxb3 Rxd4 32. Rc7
Bc5 33. Bxf7+ Kf8 34. e6 Rd2+ 35. Kf1 Rxa2 36. h5 Ra3 37. g4 Rg3 38. h6 38...
Be3 {} 39. Bg8 Bxh6 40. e7+ Ke8 41. Bd5 1-0

[Event "5th Karl Wagner mem"]
[Site "Graz"]
[Date "1998.09.09"]
[Round "5.26"]
[White "Leitner, Kurt"]
[Black "Wallner, Joachim"]
[Result "1-0"]
[WhiteElo "2115"]
[BlackElo "2240"]
[PlyCount "101"]
[EventDate "1998.09.09"]

{5/(26)} 1. e4 1... c5 2. c3 d5 3. exd5 Qxd5 4. d4 Nc6 5. Nf3 Bg4 6. Be2 e6 7.
h3 Bf5 8. O-O Rc8 9. c4 Qd8 10. d5 Nb4 11. Na3 a6 12. g4 Bg6 13. Bf4 Bd6 14.
Bxd6 Qxd6 15. dxe6 Qxe6 16. Re1 Ne7 17. Bf1 Qf6 18. Ne5 Rc7 19. Qa4+ Nbc6 20.
Rad1 20... b5 {} 21. Nxb5 axb5 22. Qa8+ Rc8 23. Qxc8+ Nxc8 24. Nxc6+ Kf8 25.
Rd8+ Qxd8 26. Nxd8 bxc4 27. Bxc4 Nd6 28. Bd5 Bd3 29. Re3 c4 30. b3 g6 31. bxc4
Bxc4 32. Bxc4 Nxc4 33. Rc3 Ne5 34. Nc6 Nxc6 35. Rxc6 Kg7 36. Ra6 h5 37. Kg2
hxg4 38. hxg4 Rc8 39. Kg3 Rc4 40. g5 Rc5 41. Kg4 Rc4+ 42. f4 Rc3 43. a4 Ra3 44.
a5 Ra1 45. Ra7 Ra2 46. Kf3 Ra1 47. a6 Ra3+ 48. Ke4 Ra4+ 49. Kd5 Ra5+ 50. Kd6
Rf5 51. Rc7 1-0

[Event "5th Karl Wagner mem"]
[Site "Graz"]
[Date "1998.09.09"]
[Round "5.27"]
[White "Stuhlik, Marko"]
[Black "Romaszko, Sylwia"]
[Result "1/2-1/2"]
[WhiteElo "2240"]
[BlackElo "2065"]
[PlyCount "118"]
[EventDate "1998.09.09"]

{5/(27)} 1. Nf3 1... f5 2. g3 g6 3. c4 Bg7 4. Nc3 Nf6 5. d3 d6 6. Bg2 Nc6 7.
O-O O-O 8. Rb1 h6 9. b4 e5 10. Nd5 g5 11. Nd2 Nd4 12. e3 Ne6 13. f4 c6 14.
Nxf6+ Rxf6 15. Bb2 Rf7 16. Kh1 Nf8 17. d4 e4 18. d5 a5 19. a3 axb4 20. axb4 Bd7
21. Bxg7 Rxg7 22. Ra1 cxd5 23. cxd5 Bb5 24. Rf2 Rc8 25. Nb3 Rgc7 26. Nd4 Bd7
27. fxg5 Qxg5 28. Qe2 Rc3 29. Re1 Ng6 30. Qf1 Ne7 31. Ne6 Bxe6 32. dxe6 Rxe3
33. Rd1 Rec3 34. Bh3 e3 35. Rf4 Rc2 36. Re1 Qh5 37. Rh4 Qg5 38. Rf4 Qh5 39. g4
Qg5 40. gxf5 h5 41. Qg1 Qxg1+ 42. Rxg1+ Kf8 43. f6 {} 43... Rc1 44. fxe7+ Kxe7
45. Re4 Rxg1+ 46. Kxg1 Rc3 47. Bf1 d5 48. Re5 d4 49. Re4 d3 50. Kg2 Rc2+ 51.
Kf3 e2 52. Bxe2 Rxe2 53. Rxe2 dxe2 54. Kxe2 Kxe6 55. Kf3 Kf5 56. Kg3 Kg5 57. h3
b6 58. Kf3 Kf5 59. Kg3 Kg5 1/2-1/2

[Event "5th Karl Wagner mem"]
[Site "Graz"]
[Date "1998.09.09"]
[Round "5.31"]
[White "Ebner, Hubert"]
[Black "Galje, Hans"]
[Result "1-0"]
[WhiteElo "2275"]
[BlackElo "2110"]
[PlyCount "69"]
[EventDate "1998.09.09"]

{5/(31)} 1. d4 1... Nf6 2. Nf3 e6 3. c4 c5 4. g3 cxd4 5. Nxd4 d5 6. Bg2 Bb4+ 7.
Bd2 Bc5 8. cxd5 Nxd5 9. Nb3 Be7 10. O-O O-O 11. Nc3 Nc6 12. Rc1 Nb6 13. Ne4 Na4
14. Qc2 e5 15. Rfd1 Qe8 16. Be3 Bf5 17. Nf6+ Bxf6 18. Qxf5 Ne7 19. Qb1 Nc6 20.
Bxc6 bxc6 21. Qe4 c5 22. Nxc5 Nb6 23. a4 a5 24. Rd6 Qb8 25. Qc6 Be7 26. Rdd1
Rc8 27. Qb5 Rd8 28. Rxd8+ 28... Qxd8 {} 29. Nb7 Qd7 30. Qxb6 Rb8 31. Nc5 Qc8
32. Qa7 Bd6 33. Na6 Qe8 34. Nxb8 Bxb8 35. Qb7 1-0

[Event "5th Karl Wagner mem"]
[Site "Graz"]
[Date "1998.09.09"]
[Round "5.32"]
[White "Aschenbrenner, Robert"]
[Black "Halser, Walter"]
[Result "0-1"]
[WhiteElo "2210"]
[BlackElo "2090"]
[PlyCount "58"]
[EventDate "1998.09.09"]

{5/(32)} 1. e4 1... e5 2. Nf3 Nc6 3. Bc4 Bc5 4. c3 Nf6 5. d4 exd4 6. cxd4 Bb4+
7. Nc3 Nxe4 8. O-O Bxc3 9. d5 Bf6 10. Re1 O-O 11. Rxe4 Na5 12. Bd3 b6 13. Rg4
d6 14. Rg3 g6 15. Ng5 Bxg5 16. Bxg5 f6 17. Bh6 f5 18. Bxf8 Qxf8 19. Qc2 19...
f4 {} 20. Rg5 Qh6 21. Rf5 Bxf5 22. Bxf5 gxf5 23. Re1 Qg7 24. b4 f3 25. g3 Qg4
26. Qa4 Rf8 27. Qd1 Nc4 28. h3 Qxh3 29. Qxf3 Ne5 0-1

[Event "5th Karl Wagner mem"]
[Site "Graz"]
[Date "1998.09.09"]
[Round "5.34"]
[White "Zirngast, Erhard"]
[Black "Senoner, Erich Jun"]
[Result "0-1"]
[WhiteElo "2060"]
[BlackElo "2160"]
[PlyCount "90"]
[EventDate "1998.09.09"]

{5/(34)} 1. e4 1... e5 2. Nf3 Nf6 3. Nxe5 d6 4. Nf3 Nxe4 5. Qe2 Qe7 6. d3 Nf6
7. Bg5 Qxe2+ 8. Bxe2 Be7 9. Nc3 Bd7 10. d4 Nc6 11. O-O-O O-O 12. Rhe1 h6 13.
Bf4 Bd8 14. h3 a6 15. g4 b5 16. a3 b4 17. axb4 Nxb4 18. Bc4 Rb8 19. Nd2 Bc6 20.
f3 Nfd5 21. Nxd5 Nxd5 22. Bxd5 Bxd5 23. c4 Bc6 24. d5 Ba4 25. b3 Bxb3 26. Nxb3
Rxb3 27. Re3 Rb4 28. Rc3 Bf6 29. Rc2 Rfb8 30. Rd3 Ra4 31. Bg3 Ra1+ 32. Kd2 Rg1
33. Bf4 Rbb1 34. Ra3 Rbd1+ 35. Ke3 Rge1+ 36. Kf2 {} 36... Bh4+ 37. Bg3 Rf1+
38. Ke3 Bxg3 39. Rxa6 Rfe1+ 40. Re2 Bf4+ 41. Kxf4 Rxe2 42. Rc6 Re7 43. h4 g6
44. h5 Kg7 45. hxg6 fxg6 0-1

[Event "5th Karl Wagner mem"]
[Site "Graz"]
[Date "1998.09.09"]
[Round "5.38"]
[White "Mihevc-Mohr, Narcisa"]
[Black "Agovic, Mirsad"]
[Result "1-0"]
[WhiteElo "2200"]
[BlackElo "2035"]
[PlyCount "45"]
[EventDate "1998.09.09"]

{5/(38)} 1. e4 1... c6 2. d4 Na6 3. Nc3 b5 4. Bd3 g6 5. Nf3 Nc7 6. O-O Bg7 7.
e5 d5 8. Qe2 Bg4 9. Nd1 e6 10. b3 Ne7 11. c3 O-O 12. Ba3 Re8 13. h3 Bxf3 14.
Qxf3 Nc8 15. Ne3 f5 16. exf6 Qxf6 17. Qg3 Qf7 18. Ng4 Nb6 19. Rae1 Kh8 20. Bd6
Rac8 21. Re3 Red8 22. Rf3 Qd7 23. Ne5 {} 1-0

[Event "5th Karl Wagner mem"]
[Site "Graz"]
[Date "1998.09.09"]
[Round "5.44"]
[White "Teuschler, Hugo"]
[Black "Wallner, Dieter"]
[Result "1/2-1/2"]
[WhiteElo "2030"]
[BlackElo "2110"]
[PlyCount "24"]
[EventDate "1998.09.09"]

{5/(44)} 1. e4 1... c5 2. Nf3 Nc6 3. d4 cxd4 4. Nxd4 g6 5. Nc3 Bg7 6. Be3 Nf6
7. Nxc6 bxc6 8. e5 Nd5 9. Nxd5 cxd5 10. Qxd5 Rb8 11. Bc4 O-O 12. O-O Qc7
1/2-1/2

[Event "5th Karl Wagner mem"]
[Site "Graz"]
[Date "1998.09.09"]
[Round "5.46"]
[White "Maric, Katarina"]
[Black "Laschet, Ewald"]
[Result "1/2-1/2"]
[WhiteElo "2005"]
[BlackElo "2195"]
[PlyCount "88"]
[EventDate "1998.09.09"]

{5/(46)} 1. e4 1... c6 2. d4 d5 3. Nc3 dxe4 4. Nxe4 Bf5 5. Ng3 Bg6 6. Nf3 Nd7
7. h4 h6 8. h5 Bh7 9. Bd3 Bxd3 10. Qxd3 e6 11. Bd2 Ngf6 12. O-O-O c5 13. Ne4
Qc7 14. Nxf6+ Nxf6 15. Qb5+ Qd7 16. Qxd7+ Nxd7 17. Bf4 cxd4 18. Nxd4 a6 19. f3
O-O-O 20. Ne2 Be7 21. Nc3 Nf6 22. g4 Rd7 23. Be5 Rhd8 24. Rxd7 Kxd7 25. Rd1+
Kc6 26. Rxd8 Bxd8 27. Kd2 Ne8 28. Kd3 Be7 29. Kd4 Bc5+ 30. Kd3 g6 31. g5 {}
31... Bf8 32. gxh6 Bxh6 33. hxg6 fxg6 34. Ne4 Ng7 35. c4 Nf5 36. b4 Nh4 37. Ke2
Bf8 38. Bc3 Nf5 39. a4 Be7 40. b5+ Kb6 41. a5+ Kc7 42. Kd3 Nh4 43. Ke3 Nf5+ 44.
Kd3 Nh4 1/2-1/2

[Event "5th Karl Wagner mem"]
[Site "Graz"]
[Date "1998.09.10"]
[Round "6.1"]
[White "Epishin, Vladimir"]
[Black "Eingorn, Vereslav"]
[Result "1/2-1/2"]
[WhiteElo "2585"]
[BlackElo "2610"]
[PlyCount "75"]
[EventDate "1998.09.09"]

{6/(1)} 1. d4 1... e6 2. c4 Bb4+ 3. Bd2 a5 4. Nf3 d6 5. Nc3 Nf6 6. g3 Nc6 7.
Bg2 e5 8. O-O exd4 9. Nd5 Bxd2 10. Qxd2 Ne4 11. Qd1 Nc5 12. Nxd4 O-O 13. e4 Ne5
14. Qe2 Re8 15. Rad1 Ng4 16. Nc3 Nf6 17. Qc2 Bd7 18. Rfe1 Qc8 19. b3 Ne6 20.
Qd2 Nxd4 21. Qxd4 Bc6 22. e5 {} 22... dxe5 23. Rxe5 Bxg2 24. Kxg2 b6 25. Nd5
Nxd5 26. Qxd5 Rd8 27. Qf3 Rxd1 28. Qxd1 Qb7+ 29. f3 Qc6 30. Qd4 h6 31. Re7 Kf8
32. Qd7 Qxd7 33. Rxd7 Rc8 34. c5 bxc5 35. Kf2 a4 36. bxa4 Ra8 37. Rxc7 Rxa4 38.
Rxc5 1/2-1/2

[Event "5th Karl Wagner mem"]
[Site "Graz"]
[Date "1998.09.10"]
[Round "6.2"]
[White "Zoler, Dan"]
[Black "Burmakin, Vladimir"]
[Result "1/2-1/2"]
[WhiteElo "2500"]
[BlackElo "2560"]
[PlyCount "86"]
[EventDate "1998.09.09"]

{6/(2)} 1. d4 1... d5 2. c4 e6 3. Nc3 Nf6 4. Bg5 Be7 5. e3 h6 6. Bxf6 Bxf6 7.
Nf3 O-O 8. Rc1 c6 9. Bd3 Nd7 10. O-O dxc4 11. Bxc4 e5 12. h3 exd4 13. exd4 Nb6
14. Bb3 Bf5 15. Re1 Re8 16. Rxe8+ Qxe8 17. Qd2 Qd7 18. Re1 Re8 19. Rxe8+ Qxe8
20. Qf4 Bg6 21. Ne5 Bxe5 22. dxe5 22... Nd7 {} 23. e6 fxe6 24. Qe3 Nb6 25.
Bxe6+ Bf7 26. Bxf7+ Qxf7 27. b3 Nc8 28. Ne4 b6 29. Qg3 Kh7 30. f3 Qd7 31. Qf4
Ne7 32. Kh2 Nd5 33. Qe5 a5 34. f4 Qf7 35. f5 Qe7 36. Qxe7 Nxe7 37. Nd6 Nd5 38.
Kg3 Nc3 39. a3 a4 40. bxa4 Nxa4 41. Kf4 Nc3 42. Nc4 b5 43. Ne3 c5 1/2-1/2

[Event "5th Karl Wagner mem"]
[Site "Graz"]
[Date "1998.09.10"]
[Round "6.4"]
[White "Loginov, Valery"]
[Black "Sarkozy, Ladislav"]
[Result "1-0"]
[WhiteElo "2520"]
[BlackElo "2355"]
[PlyCount "61"]
[EventDate "1998.09.09"]

{6/(4)} 1. Nf3 1... c5 2. g3 Nc6 3. c4 g6 4. Bg2 Bg7 5. Nc3 e5 6. a3 Nge7 7. b4
d6 8. Rb1 O-O 9. d3 Nd4 10. O-O Rb8 11. bxc5 dxc5 12. Qa4 a6 13. Nxd4 cxd4 14.
Ne4 Bd7 15. Qb4 b5 16. Bg5 f6 17. Bd2 Kh8 18. Nc5 Rb6 19. cxb5 Rxb5 20. Qc4 Qc8
21. Nxd7 Qxd7 22. a4 Rxb1 23. Rxb1 Qc8 24. Rb7 Nf5 25. Rc7 Qb8 26. Bb4 Rd8 27.
g4 27... a5 {} 28. Rb7 Qc8 29. Bxa5 Nh4 30. Bxd8 Qxg4 31. Qc6 1-0

[Event "5th Karl Wagner mem"]
[Site "Graz"]
[Date "1998.09.10"]
[Round "6.5"]
[White "Klovanis, Janis"]
[Black "Rabiega, Robert"]
[Result "1/2-1/2"]
[WhiteElo "2465"]
[BlackElo "2525"]
[PlyCount "33"]
[EventDate "1998.09.09"]

{6/(5)} 1. e4 1... e5 2. Nf3 Nf6 3. d4 Nxe4 4. Bd3 d5 5. Nxe5 Nd7 6. Nxd7 Bxd7
7. O-O Bd6 8. c4 c6 9. cxd5 cxd5 10. Qh5 O-O 11. Qxd5 Bc6 12. Qh5 g6 13. Qh3
Ng5 14. Bxg5 Qxg5 15. Nc3 Rad8 16. d5 Bxd5 17. Nxd5 1/2-1/2

[Event "5th Karl Wagner mem"]
[Site "Graz"]
[Date "1998.09.10"]
[Round "6.6"]
[White "Lerner, Konstantin"]
[Black "Alienkin, Aleksander"]
[Result "1-0"]
[WhiteElo "2580"]
[BlackElo "2365"]
[PlyCount "79"]
[EventDate "1998.09.09"]

{6/(6)} 1. c4 1... Nf6 2. Nc3 e5 3. Nf3 Nc6 4. g3 Bb4 5. Bg2 O-O 6. O-O e4 7.
Ng5 Bxc3 8. bxc3 Re8 9. f3 e3 10. d3 d5 11. Qb3 Na5 12. Qa3 c6 13. cxd5 cxd5
14. f4 b6 15. Nf3 Nc6 16. Bb2 Bg4 17. h3 Bxf3 18. Rxf3 Rc8 19. Qa4 Qd7 20. Qd1
d4 21. c4 Qd6 22. Qe1 Nd7 23. f5 {} 23... Qb4 24. Qxb4 Nxb4 25. a3 Nc6 26. Rf4
Nc5 27. Bxc6 Rxc6 28. Bxd4 Rd6 29. Bxc5 bxc5 30. Rb1 Rb6 31. Rxb6 axb6 32. Rf1
Ra8 33. Rb1 Rxa3 34. Rxb6 Kf8 35. Kg2 Ra1 36. g4 Re1 37. Kf3 Rh1 38. Rc6 Rxh3+
39. Kg2 Rh4 40. Kg3 1-0

[Event "5th Karl Wagner mem"]
[Site "Graz"]
[Date "1998.09.10"]
[Round "6.8"]
[White "Savanovic, Aleksandar"]
[Black "Pavasovic, Dusko"]
[Result "1/2-1/2"]
[WhiteElo "2435"]
[BlackElo "2505"]
[PlyCount "29"]
[EventDate "1998.09.09"]

{6/(8)} 1. e4 1... e5 2. Nf3 Nf6 3. Nxe5 d6 4. Nf3 Nxe4 5. d4 d5 6. Bd3 Nc6 7.
O-O Be7 8. c4 Nb4 9. Be2 dxc4 10. Bxc4 O-O 11. Nc3 Nxc3 12. bxc3 Nd5 13. Ne5 c6
14. Bb3 Be6 15. Bb2 1/2-1/2

[Event "5th Karl Wagner mem"]
[Site "Graz"]
[Date "1998.09.10"]
[Round "6.9"]
[White "Stanec, Nikolaus"]
[Black "Balinov, Ilia"]
[Result "1/2-1/2"]
[WhiteElo "2495"]
[BlackElo "2450"]
[PlyCount "35"]
[EventDate "1998.09.09"]

{6/(9)} 1. e4 1... c6 2. d4 d5 3. Nc3 dxe4 4. Nxe4 Nd7 5. Ng5 Ngf6 6. Bd3 e6 7.
N1f3 Bd6 8. Qe2 h6 9. Ne4 Nxe4 10. Qxe4 Nf6 11. Qe2 Qc7 12. Bd2 b6 13. O-O-O
Bb7 14. Kb1 c5 15. dxc5 Qxc5 16. c4 O-O-O 17. Bc3 Rd7 18. Bc2 1/2-1/2

[Event "5th Karl Wagner mem"]
[Site "Graz"]
[Date "1998.09.10"]
[Round "6.10"]
[White "Ganaus, Hannes"]
[Black "Soln, Primoz"]
[Result "1-0"]
[WhiteElo "2225"]
[BlackElo "2470"]
[PlyCount "66"]
[EventDate "1998.09.09"]

{6/(10)} 1. d4 1... d5 2. c4 e6 3. Nc3 c6 4. cxd5 exd5 5. Nf3 Bf5 6. h3 Bd6 7.
g4 Bg6 8. h4 h6 9. h5 Bh7 10. g5 hxg5 11. Nxg5 11... Bf5 {} 12. e4 dxe4 13.
Qb3 Qe7 14. Rh4 Nh6 15. Bh3 O-O 16. Bxf5 Nxf5 17. Rxe4 Qd7 18. Bd2 Na6 19.
O-O-O Nb4 20. Kb1 Rfe8 21. Rg1 Bf8 22. h6 Nxh6 23. Rh4 Qf5+ 24. Nce4 Nd5 25.
Qc2 g6 26. Rg3 f6 27. Nf3 Rxe4 28. Rxe4 Bg7 29. Nh4 Qxf2 30. Rg2 Qf1+ 31. Re1
Qxg2 32. Nxg2 Nf5 33. Nf4 Nxd4 1-0

[Event "5th Karl Wagner mem"]
[Site "Graz"]
[Date "1998.09.10"]
[Round "6.11"]
[White "Mohr, Georg"]
[Black "Baumegger, Siegfried"]
[Result "1-0"]
[WhiteElo "2470"]
[BlackElo "2360"]
[PlyCount "37"]
[EventDate "1998.09.09"]

{6/(11)} 1. c4 1... Nf6 2. Nc3 e6 3. e4 d5 4. e5 d4 5. exf6 dxc3 6. bxc3 Qxf6
7. Nf3 b6 8. d4 Bb7 9. Bd3 9... Bd6 {} 10. Bg5 Bxf3 11. Qd2 Bxg2 12. Bxf6 Bxh1
13. Bxg7 Rg8 14. Qh6 Nd7 15. Ke2 Bb7 16. Bxh7 Bf4 17. Qxf4 Rxg7 18. Qxc7 Rxh7
19. Qxb7 1-0

[Event "5th Karl Wagner mem"]
[Site "Graz"]
[Date "1998.09.10"]
[Round "6.13"]
[White "Jazbinsek, Sebastjan"]
[Black "Gorbatow, Alexej"]
[Result "1/2-1/2"]
[WhiteElo "2225"]
[BlackElo "2420"]
[PlyCount "116"]
[EventDate "1998.09.09"]

{6/(13)} 1. e4 1... g6 2. d4 Bg7 3. Nc3 c6 4. Nf3 d5 5. e5 Nh6 6. Bd3 O-O 7.
O-O f6 8. exf6 exf6 9. Ne2 Nf7 10. c3 Nd6 11. Ng3 Bg4 12. h3 Bxf3 13. Qxf3 f5
14. Qf4 Ne4 15. h4 Bf6 16. h5 Rf7 17. hxg6 hxg6 18. Bxe4 dxe4 19. Qh6 Rg7 20.
f3 exf3 21. Rxf3 Nd7 22. Ne2 Nf8 23. Rh3 Rh7 24. Qe3 Rxh3 25. Qxh3 Qb6 26. Nf4
Re8 27. Qg3 Kf7 28. Nd3 Re4 29. Bf4 g5 30. Bc7 Qb5 31. Be5 Ng6 32. Rf1 Nxe5 33.
Nxe5+ Bxe5 34. Rxf5+ Ke6 35. Rxe5+ Rxe5 36. dxe5 Qxe5 37. Qg4+ Qf5 38. Qc4+ Qd5
39. Qxd5+ cxd5 40. Kf2 Kf5 41. Kf3 g4+ 42. Ke3 Ke5 43. g3 Kf5 44. Kd4 Ke6 45.
a4 b6 46. b3 Kd6 47. b4 Ke6 48. c4 dxc4 49. Kxc4 a6 50. Kd4 Kd6 51. Ke4 a5 52.
bxa5 bxa5 53. Kd4 Ke6 54. Kc5 Ke5 55. Kb5 Ke4 56. Kxa5 Kf3 57. Kb5 Kxg3 58. a5
Kf2 1/2-1/2

[Event "5th Karl Wagner mem"]
[Site "Graz"]
[Date "1998.09.10"]
[Round "6.14"]
[White "Deutsch, Ludwig"]
[Black "Freitag, Manfred"]
[Result "1/2-1/2"]
[WhiteElo "2180"]
[BlackElo "2400"]
[PlyCount "132"]
[EventDate "1998.09.09"]

{6/(14)} 1. e4 1... c5 2. Nc3 Nc6 3. g3 g6 4. Bg2 Bg7 5. Nge2 d6 6. d3 Rb8 7.
O-O b5 8. Nd5 e6 9. Ne3 Nge7 10. f4 f5 11. c3 Qb6 12. Kh1 O-O 13. a4 a6 14. Ng1
Kh8 15. Nf3 Bd7 16. axb5 axb5 17. Bd2 Nd8 18. Qc2 Bc6 19. exf5 exf5 20. Rae1
Nf7 21. h3 Ng8 22. Kh2 Qc7 23. b4 Nf6 24. Qb3 Rfc8 25. bxc5 dxc5 26. Ne5 Nxe5
27. fxe5 c4 28. dxc4 bxc4 29. Qxc4 {} 29... Ne4 30. Bxe4 Bxe4 31. Qxc7 Rxc7
32. Nd1 Bxe5 33. Bf4 Bxf4 34. gxf4 Ra8 35. Kg3 Ra1 36. Ne3 Ra3 37. Rc1 Raxc3
38. Rxc3 Rxc3 39. Kf2 Rb3 40. Re1 Bd3 41. Rc1 Rb2+ 42. Kf3 Be4+ 43. Kg3 Kg7 44.
Rc3 Kh6 45. Ra3 Kh5 46. Rc3 h6 47. Ra3 g5 48. Rc3 Re2 49. Ra3 Re1 50. Rc3 Rg1+
51. Kf2 Rh1 52. Kg3 gxf4+ 53. Kxf4 Rxh3 54. Nd1 Rxc3 55. Nxc3 Kh4 56. Ne2 Bd3
57. Ng1 Be4 58. Ne2 h5 59. Ng1 Bc2 60. Nf3+ Kh3 61. Ng1+ Kg2 62. Nf3 Be4 63.
Nh4+ Kh3 64. Ng6 Bc2 65. Kg5 Bd1 66. Nf4+ Kg3 1/2-1/2

[Event "5th Karl Wagner mem"]
[Site "Graz"]
[Date "1998.09.10"]
[Round "6.15"]
[White "Wittmann, Walter"]
[Black "Frosch, Erich"]
[Result "0-1"]
[WhiteElo "2380"]
[BlackElo "2280"]
[PlyCount "73"]
[EventDate "1998.09.09"]

{6/(15)} 1. e4 1... e5 2. Nf3 Nc6 3. Bb5 a6 4. Bxc6 dxc6 5. O-O Ne7 6. Nxe5 Qd4
7. Qh5 g6 8. Qg5 Be6 9. d3 Bg7 10. Nf3 Qd7 11. Nc3 h6 12. Qe3 g5 13. Ne2 f5 14.
exf5 Nxf5 15. Qe4 O-O-O 16. Ng3 Rhf8 17. Nxf5 Bxf5 18. Qe3 Kb8 19. Nd2 Bd4 20.
Qe1 Rde8 21. Ne4 Qd5 22. Be3 Bxe3 23. Qxe3 Bxe4 24. dxe4 Rxe4 25. Qc3 Rg4 26.
g3 Rd4 27. Qb3 Qf5 28. Qe3 Rfd8 29. Rac1 Re4 30. Qc3 Re2 31. Qg7 Rdd2 32. Qxh6
Rxf2 33. Qh8+ Ka7 34. Qh5 {} 34... Rg2+ 35. Kh1 Qd5 36. Qf3 Rxh2+ 37. Kg1 0-1

[Event "5th Karl Wagner mem"]
[Site "Graz"]
[Date "1998.09.10"]
[Round "6.18"]
[White "Bawart, Markus"]
[Black "Wohlfahrt, Herbert"]
[Result "1/2-1/2"]
[WhiteElo "2345"]
[BlackElo "2265"]
[PlyCount "111"]
[EventDate "1998.09.09"]

{6/(18)} 1. c4 1... Nf6 2. d4 e6 3. Nf3 b6 4. g3 Bb7 5. Bg2 Be7 6. Nc3 Ne4 7.
Qc2 Nxc3 8. Qxc3 O-O 9. O-O c5 10. Rd1 Bf6 11. Qd3 Na6 12. Ng5 Bxg5 13. Bxb7
Nb4 14. Bxg5 Qxg5 15. Qc3 Rab8 16. Bf3 Qe7 17. a3 Nc6 18. dxc5 bxc5 19. e3 Rfc8
20. Rd2 d6 21. Rad1 Ne5 22. Be2 Rb6 23. f4 Nd7 24. b4 cxb4 25. axb4 Nf6 26. Qa3
Rcb8 27. b5 Ne4 28. Ra2 a6 29. Bf3 Nc5 30. Bc6 h6 31. Rad2 31... Rd8 {} 32.
Qxc5 dxc5 33. Rxd8+ Kh7 34. R1d7 Qf6 35. Be4+ g6 36. Bc6 axb5 37. cxb5 c4 38.
Rf8 Kg7 39. Rfxf7+ Qxf7 40. Rxf7+ Kxf7 41. Kf2 Ke7 42. e4 Rb8 43. e5 g5 44. Ke3
gxf4+ 45. gxf4 c3 46. Kd3 Rf8 47. Kxc3 Rxf4 48. b6 Kd8 49. b7 Kc7 50. Bd7 Rh4
51. Bxe6 Rxh2 52. Bd5 Re2 53. Kd4 h5 54. Bf3 Rd2+ 55. Ke3 Rb2 56. Bxh5 1/2-1/2

[Event "5th Karl Wagner mem"]
[Site "Graz"]
[Date "1998.09.10"]
[Round "6.20"]
[White "Brod, Manfred"]
[Black "Leitner, Kurt"]
[Result "1/2-1/2"]
[WhiteElo "2260"]
[BlackElo "2115"]
[PlyCount "31"]
[EventDate "1998.09.09"]

{6/(20)} 1. Nf3 1... c5 2. g3 Nc6 3. d4 cxd4 4. Nxd4 e5 5. Nb5 a6 6. Nd6+ Bxd6
7. Qxd6 Qf6 8. Qd1 d5 9. Bg2 Nge7 10. O-O Be6 11. Nc3 Rd8 12. Na4 O-O 13. Nc5
Bc8 14. a4 Qg6 15. a5 d4 16. Bd2 1/2-1/2

[Event "5th Karl Wagner mem"]
[Site "Graz"]
[Date "1998.09.10"]
[Round "6.21"]
[White "Grabher, Heinz"]
[Black "Klimpel, Thomas"]
[Result "1/2-1/2"]
[WhiteElo "2285"]
[BlackElo "2155"]
[PlyCount "31"]
[EventDate "1998.09.09"]

{6/(21)} 1. e4 1... e5 2. Nf3 Nf6 3. d4 Nxe4 4. Bd3 d5 5. Nxe5 Nd7 6. Nxd7 Bxd7
7. Qh5 Nf6 8. Qh4 Qe7+ 9. Be3 O-O-O 10. O-O Ng4 11. Qxe7 Bxe7 12. Bf4 g5 13. f3
Bf6 14. c3 gxf4 15. fxg4 Bg5 16. Bf5 1/2-1/2

[Event "5th Karl Wagner mem"]
[Site "Graz"]
[Date "1998.09.10"]
[Round "6.22"]
[White "Brunnsteiner, Mario"]
[Black "Nor, Igor"]
[Result "0-1"]
[WhiteElo "2110"]
[BlackElo "2280"]
[PlyCount "126"]
[EventDate "1998.09.09"]

{6/(22)} 1. d4 1... d5 2. Nf3 e6 3. Bf4 c5 4. e3 Nc6 5. c3 Nf6 6. Bd3 Be7 7. h3
Qb6 8. Qb3 c4 9. Qxb6 axb6 10. Bc2 b5 11. Nbd2 b4 12. Ke2 b5 13. Ne5 Bb7 14.
Nxc6 Bxc6 15. cxb4 Bxb4 16. a3 Be7 17. Nf3 Nd7 18. Ne5 Nxe5 19. Bxe5 O-O 20. f3
Ra7 21. Bg3 Rfa8 22. Rac1 b4 23. axb4 Bxb4 24. Be1 Rb7 25. Bxb4 Rxb4 26. Ra1
Rab8 27. Rhb1 Rxb2 28. Rxb2 Rxb2 29. Kd2 Rb6 30. f4 f5 31. Ra7 Bb7 32. g4 fxg4
33. hxg4 h6 34. g5 h5 35. g6 Kf8 36. Ra1 Ra6 37. Rh1 Ra3 38. Rxh5 c3+ 39. Kc1
Ra1+ 40. Bb1 Bc6 41. Rh8+ Ke7 42. Rc8 Kd7 43. Rg8 {} 43... Bb5 44. Rxg7+ Kc6
45. Kc2 Ba4+ 46. Kxc3 Rxb1 47. Ra7 Bb5 48. Re7 Kd6 49. Rb7 Kc6 50. g7 Rg1 51.
Rf7 Kd6 52. Kd2 Rg2+ 53. Kc3 Be2 54. Kb4 Bh5 55. Ra7 Be8 56. Ra8 Ke7 57. Kc5
Bf7 58. Ra3 Rxg7 59. e4 dxe4 60. Re3 Rg1 61. Rxe4 Rc1+ 62. Kb4 Kd6 63. Re2 Rf1
0-1

[Event "5th Karl Wagner mem"]
[Site "Graz"]
[Date "1998.09.10"]
[Round "6.23"]
[White "Zoister, Stefan"]
[Black "Ebner, Hubert"]
[Result "1/2-1/2"]
[WhiteElo "2105"]
[BlackElo "2275"]
[PlyCount "24"]
[EventDate "1998.09.09"]

{6/(23)} 1. e4 1... c5 2. Nf3 Nc6 3. d4 cxd4 4. Nxd4 g6 5. c4 Bg7 6. Be3 Nf6 7.
Nc3 O-O 8. Nc2 d6 9. Be2 Be6 10. f3 a6 11. O-O Rc8 12. Qd2 Re8 1/2-1/2